Name That Celebrity - Statistics

General Stats
  • This quiz has been taken 321 times
  • The average score is 6 of 10
Answer Stats
Hint Answer % Correct
"is it to late now to say sorry" justin
94%
"hello its me" adele
92%
"wildest dreams" taylor
87%
"i know when that hotline bling" drake
86%
"i now that I'm without your kisses ill be needing stitches" shawn
80%
"focus on me f-f-focus on me" ariana
62%
"i woke up like this flawless" beyonce
43%
"gonna wear that dress you like skin tight" selena
40%
"i got a taste for the cherry i just need to take a bite" demi
36%
"dance for your papi" jennifer
24%
No matching quizzes found
Score Distribution
Percent of People with Each Score
Percentile by Number Answered
Your Score History
You have not taken this quiz